000 00346nam a2200121Ia 4500
008 230907s9999||||xx |||||||||||||| ||und||
082 _a532
_bSPR
245 0 _aSpringer handbook of experimental fluid mechanics /
260 _aSpringer,
_bBerlin :
_c2007
300 _axxviii, 1557 p. :
650 _aHandbooks, manuals, etc.
_911475
942 _cBK
999 _c598532
_d598532